[Event "Vicente Lopez ProAm 100 Years op"]
[Site "Buenos Aires"]
[Date "2022.10.13"]
[Round "3"]
[White "Latorre, Manuel"]
[Black "Unhold, Valentin"]
[Result "1-0"]
[WhiteElo "2327"]
[BlackElo "2066"]
[PlyCount "53"]
[EventDate "2022.10.11"]
[EventType "swiss"]
[EventRounds "9"]
[EventCountry "ARG"]
[SourceTitle "CBM 210 Extra"]
[Source "ChessBase"]
[SourceDate "2022.11.30"]
[SourceVersion "1"]
[SourceVersionDate "2022.11.30"]
[SourceQuality "1"]

1. d4 d5 2. c4 e6 3. Nf3 Nf6 4. Nc3 Be7 5. Bf4 0-0 6. a3 c5 7. dxc5 dxc4 8. e4 Bxc5 9. Bxc4 a6 10. Qe2 Nc6 11. Rd1 Qe7 12. e5 Nh5 13. Bg5 f6 14. exf6 Nxf6 15. 0-0 b5 16. Ba2 Kh8 17. Rfe1 Qa7 18. Be3 Bb7 19. Ng5 Nd8 20. Bxc5 Qxc5 21. Qe3 Qc6 22. f3 Ng4 23. Qd4 Nf6 24. Qd6 Qe8 25. Bb1 h6 26. Bg6 Qf7 27. Nxf7+ 1-0

[Event "Asuncion CC Deportivo 100 Years"]
[Site "Asuncion"]
[Date "2022.05.06"]
[Round "7"]
[White "Latorre, Manuel"]
[Black "Perdomo, Leandro Daniel"]
[Result "1/2-1/2"]
[WhiteElo "2316"]
[BlackElo "2441"]
[PlyCount "40"]
[EventDate "2022.05.03"]
[EventType "tourn"]
[EventRounds "10"]
[EventCountry "PAR"]
[EventCategory "6"]
[SourceTitle "EXT 2023"]
[Source "ChessBase"]
[SourceDate "2022.10.05"]
[SourceVersion "1"]
[SourceVersionDate "2022.10.05"]
[SourceQuality "1"]

1. c4 g6 2. Nc3 Bg7 3. g3 c5 4. Bg2 Nc6 5. e3 e5 6. a3 a5 7. Nge2 Nge7 8. d3 d6 9. Rb1 0-0 10. 0-0 Rb8 11. Bd2 Bg4 12. b3 Qd7 13. Nd5 b6 14. e4 Bh3 15. f3 Bxg2 16. Kxg2 b5 17. Nxe7+ Qxe7 18. cxb5 Rxb5 19. Nc3 Rb7 20. Nd5 Qe6 1/2-1/2

[Event "Asuncion CC Deportivo 100 Years"]
[Site "Asuncion"]
[Date "2022.05.03"]
[Round "1"]
[White "Latorre Lopez Moreira, Luis Matias"]
[Black "Latorre, Manuel"]
[Result "1/2-1/2"]
[WhiteElo "2342"]
[BlackElo "2316"]
[PlyCount "60"]
[EventDate "2022.05.03"]
[EventType "tourn"]
[EventRounds "10"]
[EventCountry "PAR"]
[EventCategory "6"]
[SourceTitle "EXT 2023"]
[Source "ChessBase"]
[SourceDate "2022.10.05"]
[SourceVersion "1"]
[SourceVersionDate "2022.10.05"]
[SourceQuality "1"]

1. d4 Nf6 2. Bg5 d5 3. e3 e6 4. Nd2 Be7 5. Bd3 Nbd7 6. f4 c5 7. c3 b6 8. Ngf3 Bb7 9. Ne5 Nxe5 10. fxe5 Nd7 11. Bxe7 Qxe7 12. 0-0 0-0 13. Qg4 f5 14. exf6 Rxf6 15. Rxf6 Nxf6 16. Qh4 g6 17. Nf3 Rf8 18. Ne5 Kg7 19. Rf1 c4 20. Bc2 Ng8 21. Qxe7+ Nxe7 22. Rxf8 Kxf8 23. Kf2 Nc6 24. Nxc6 Bxc6 25. Kg3 Ke7 26. Kf4 Kf6 27. h4 h6 28. g4 g5+ 29. hxg5+ hxg5+ 30. Kg3 e5 1/2-1/2

[Event "ESP-ch rapid"]
[Site "Linares"]
[Date "2016.08.14"]
[Round "6"]
[White "Alonso Rosell, Alvar"]
[Black "Latorre, Manuel"]
[Result "1-0"]
[WhiteElo "2524"]
[BlackElo "2298"]
[PlyCount "59"]
[EventDate "2016.08.14"]
[EventType "swiss (rapid)"]
[EventRounds "9"]
[EventCountry "ESP"]
[SourceTitle "CBM 173 Extra"]
[Source "ChessBase"]
[SourceDate "2016.08.29"]
[SourceVersion "1"]
[SourceVersionDate "2016.08.29"]
[SourceQuality "1"]

1. Nf3 Nf6 2. c4 g6 3. Nc3 Bg7 4. e4 d6 5. d4 0-0 6. h3 c5 7. d5 e6 8. Bd3 exd5 9. exd5 Re8+ 10. Be3 Bh6 11. 0-0 Bxe3 12. fxe3 Nbd7 13. e4 Nh5 14. Qd2 Ne5 15. Nxe5 Rxe5 16. Rf3 Bd7 17. Raf1 Qe7 18. Rxf7 Qxf7 19. Rxf7 Kxf7 20. Qh6 Nf6 21. Nb1 g5 22. Be2 Rg8 23. Bh5+ Ke7 24. Nd2 g4 25. hxg4 Bxg4 26. Bxg4 Rxg4 27. Nf3 Rexe4 28. Ng5 Re2 29. Qg7+ Kd8 30. Qxf6+ 1-0

[Event "Asuncion op"]
[Site "Asuncion"]
[Date "2014.05.09"]
[Round "7"]
[White "Heinechen, John"]
[Black "Latorre, Manuel"]
[Result "0-1"]
[WhiteElo "1946"]
[BlackElo "2314"]
[PlyCount "72"]
[EventDate "2014.04.30"]
[EventType "swiss"]
[EventRounds "9"]
[EventCountry "PAR"]
[SourceTitle "CBM 160 Extra"]
[Source "ChessBase"]
[SourceDate "2014.07.01"]
[SourceVersion "1"]
[SourceVersionDate "2014.07.01"]
[SourceQuality "1"]

1. e4 c5 2. Nf3 d6 3. d4 cxd4 4. Nxd4 Nf6 5. Nc3 a6 6. Bg5 Nbd7 7. f4 Qc7 8. Qe2 e5 9. Nf5 h6 10. fxe5 dxe5 11. Bd2 b5 12. 0-0-0 Bb7 13. Be1 g6 14. Ne3 Bg7 15. Ned5 Nxd5 16. Nxd5 Bxd5 17. Rxd5 0-0 18. g4 Rfc8 19. g5 hxg5 20. Bh3 Nf6 21. Bxc8 Nxd5 22. exd5 Rxc8 23. Bc3 Qd7 24. Rd1 Re8 25. Qg2 g4 26. Rg1 e4 27. Bxg7 Kxg7 28. Qd2 Re5 29. d6 f6 30. Rg3 Re6 31. Rxg4 Rxd6 32. Qe2 f5 33. Rh4 Qe7 34. Qe1 Qg5+ 35. Kb1 Qxh4 36. Qc3+ Qf6 0-1

[Event "Asuncion op"]
[Site "Asuncion"]
[Date "2014.05.02"]
[Round "4"]
[White "Latorre, Manuel"]
[Black "Vazquez, Guillermo"]
[Result "1-0"]
[WhiteElo "2314"]
[BlackElo "2343"]
[PlyCount "69"]
[EventDate "2014.04.30"]
[EventType "swiss"]
[EventRounds "9"]
[EventCountry "PAR"]
[SourceTitle "CBM 160 Extra"]
[Source "ChessBase"]
[SourceDate "2014.07.01"]
[SourceVersion "1"]
[SourceVersionDate "2014.07.01"]
[SourceQuality "1"]

1. d4 Nf6 2. Nf3 e6 3. c4 b6 4. Nc3 Bb7 5. Bg5 Bb4 6. Nd2 h6 7. Bh4 c5 8. d5 g5 9. Bg3 exd5 10. cxd5 Nxd5 11. Qc2 0-0 12. h4 Re8 13. Nxd5 Bxd5 14. 0-0-0 Nc6 15. e3 Bxa2 16. Nc4 Re6 17. b3 Bxb3 18. Qxb3 b5 19. Na3 c4 20. Qb2 Qa5 21. Nb1 c3 22. Qb3 Rc8 23. Bd3 c2 24. Bxc2 Bf8 25. Rd2 Nb4 26. Kd1 Rc4 27. Bf5 Rec6 28. Ke2 Na6 29. hxg5 b4 30. Bxd7 Rc1 31. Rxc1 Rxc1 32. Be8 Qf5 33. Rd7 Nc5 34. Qxf7+ Qxf7 35. Bxf7+ 1-0

[Event "Asuncion op"]
[Site "Asuncion"]
[Date "2014.05.01"]
[Round "2"]
[White "Latorre, Manuel"]
[Black "Zacarias Martinez, Ruben David"]
[Result "1-0"]
[WhiteElo "2314"]
[BlackElo "2196"]
[PlyCount "63"]
[EventDate "2014.04.30"]
[EventType "swiss"]
[EventRounds "9"]
[EventCountry "PAR"]
[SourceTitle "CBM 160 Extra"]
[Source "ChessBase"]
[SourceDate "2014.07.01"]
[SourceVersion "1"]
[SourceVersionDate "2014.07.01"]
[SourceQuality "1"]

1. d4 Nf6 2. c4 g6 3. Nc3 Bg7 4. e4 d6 5. Nf3 0-0 6. Be2 Na6 7. 0-0 e5 8. Be3 Ng4 9. Bg5 Qe8 10. dxe5 dxe5 11. Qc1 c6 12. Rd1 f6 13. Bd2 f5 14. h3 Nf6 15. exf5 gxf5 16. Bh6 Nc5 17. Bxg7 Kxg7 18. Qg5+ Kh8 19. b4 Nce4 20. Nxe4 Nxe4 21. Qe3 Rg8 22. Bd3 Qg6 23. g3 Re8 24. Bxe4 fxe4 25. Ng5 Bf5 26. Rd6 Qg7 27. Rad1 a5 28. g4 Rg8 29. Nxe4 axb4 30. Nf6 Ra3 31. Qxe5 Rf3 32. Rd8 1-0

[Event "Asuncion op"]
[Site "Asuncion"]
[Date "2014.04.30"]
[Round "1"]
[White "Alarcon, Jose"]
[Black "Latorre, Manuel"]
[Result "0-1"]
[WhiteElo "1915"]
[BlackElo "2314"]
[PlyCount "64"]
[EventDate "2014.04.30"]
[EventType "swiss"]
[EventRounds "9"]
[EventCountry "PAR"]
[SourceTitle "CBM 160 Extra"]
[Source "ChessBase"]
[SourceDate "2014.07.01"]
[SourceVersion "1"]
[SourceVersionDate "2014.07.01"]
[SourceQuality "1"]

1. e4 e6 2. d4 d5 3. Nc3 Bb4 4. e5 c5 5. a3 Bxc3+ 6. bxc3 Qc7 7. Qg4 f5 8. Qg3 Nc6 9. Ne2 Nge7 10. Qxg7 Rg8 11. Qxh7 cxd4 12. f4 dxc3 13. Qh5+ Ng6 14. h4 Bd7 15. Be3 0-0-0 16. Qf3 d4 17. Bxd4 Nxf4 18. Qxf4 Rg4 19. Qf2 Nxd4 20. Nxd4 Qxe5+ 21. Ne2 Bb5 22. Rh3 Re4 23. Qf3 Kb8 24. Rd1 Rxd1+ 25. Kxd1 Qd6+ 26. Ke1 Qd2+ 27. Kf2 Bxe2 28. Qg3+ Rf4+ 29. Kg1 Qd4+ 30. Kh2 Bxf1 31. Qg8+ Kc7 32. Qf7+ Qd7 0-1

[Event "PAR-ch"]
[Site "Asuncion"]
[Date "2013.11.26"]
[Round "9"]
[White "Latorre, Manuel"]
[Black "Delgado Ramirez, Neuris"]
[Result "1/2-1/2"]
[WhiteElo "2308"]
[BlackElo "2598"]
[PlyCount "23"]
[EventDate "2013.11.18"]
[EventType "tourn"]
[EventRounds "11"]
[EventCountry "PAR"]
[EventCategory "1"]
[SourceTitle "CBM 157 Extra"]
[Source "ChessBase"]
[SourceDate "2013.12.19"]
[SourceVersion "1"]
[SourceVersionDate "2013.12.19"]
[SourceQuality "1"]

1. d4 Nf6 2. Nf3 e6 3. c4 Bb4+ 4. Bd2 Qe7 5. g3 Nc6 6. Nc3 d5 7. Bg2 0-0 8. 0-0 dxc4 9. a3 Bxc3 10. Bxc3 Nd5 11. Qa4 Nb6 12. Qc2 1/2-1/2

[Event "PAR-ch"]
[Site "Asuncion"]
[Date "2013.11.20"]
[Round "3"]
[White "Latorre, Manuel"]
[Black "Kropff, Ricardo"]
[Result "1-0"]
[WhiteElo "2308"]
[BlackElo "2215"]
[PlyCount "45"]
[EventDate "2013.11.18"]
[EventType "tourn"]
[EventRounds "11"]
[EventCountry "PAR"]
[EventCategory "1"]
[SourceTitle "CBM 157 Extra"]
[Source "ChessBase"]
[SourceDate "2013.12.19"]
[SourceVersion "1"]
[SourceVersionDate "2013.12.19"]
[SourceQuality "1"]

1. d4 d5 2. Nf3 Nf6 3. c4 e6 4. Bg5 Be7 5. e3 h6 6. Bh4 0-0 7. Nc3 b6 8. Be2 Bb7 9. Bxf6 Bxf6 10. cxd5 exd5 11. b4 c6 12. 0-0 Qd6 13. Qb3 Nd7 14. Bd3 a5 15. bxa5 Rxa5 16. a4 Ba6 17. Bxa6 Rxa6 18. Rfe1 Be7 19. Rab1 Nf6 20. Ne5 Nd7 21. e4 Nf6 22. exd5 cxd5 23. Nb5 1-0

[Event "Olympiad-40"]
[Site "Istanbul"]
[Date "2012.09.09"]
[Round "11.3"]
[White "Latorre, Manuel"]
[Black "Nassr, Ali"]
[Result "1/2-1/2"]
[WhiteElo "2303"]
[BlackElo "2030"]
[PlyCount "93"]
[EventDate "2012.08.28"]
[EventType "team-swiss"]
[EventRounds "11"]
[EventCountry "TUR"]
[SourceTitle "CBM 151"]
[Source "ChessBase"]
[SourceDate "2012.11.13"]
[SourceVersion "1"]
[SourceVersionDate "2012.11.13"]
[SourceQuality "1"]
[WhiteTeam "Paraguay"]
[BlackTeam "Algeria"]
[WhiteTeamCountry "PAR"]
[BlackTeamCountry "ALG"]

1. d4 Nf6 2. Nf3 e6 3. c4 b6 4. e3 Bb7 5. Bd3 c5 6. Nc3 cxd4 7. exd4 Bb4 8. 0-0 0-0 9. Bg5 Be7 10. Qe2 d6 11. Rad1 Nbd7 12. Bb1 Rc8 13. d5 e5 14. Bd2 Ne8 15. Ne1 f5 16. f4 g6 17. g4 Ng7 18. b3 fxg4 19. Qxg4 exf4 20. Bxf4 Nf6 21. Qg2 Nfh5 22. Bh6 Rxf1+ 23. Kxf1 Qd7 24. Rd3 Nf5 25. Bg5 Rf8 26. Rf3 Bxg5 27. Qxg5 Nhg7 28. Ne4 Kh8 29. Ng3 Nxg3+ 30. hxg3 Qe8 31. Kf2 Bc8 32. g4 Kg8 33. Bd3 Bd7 34. Ng2 Rxf3+ 35. Kxf3 Qf8+ 36. Kg3 Ne8 37. Ne3 Nf6 38. Nf5 Nxg4 39. Qxg4 Bxf5 40. Bxf5 Qxf5 41. Qxf5 gxf5 42. Kf4 Kf7 43. Kxf5 h6 44. a3 a6 45. Kg4 Kf6 46. Kh5 Kg7 47. Kg4 1/2-1/2

[Event "Olympiad-40"]
[Site "Istanbul"]
[Date "2012.09.06"]
[Round "9.3"]
[White "Leiva Rodriguez, Jeammarco Giuseppe"]
[Black "Latorre, Manuel"]
[Result "1-0"]
[WhiteElo "2283"]
[BlackElo "2303"]
[PlyCount "124"]
[EventDate "2012.08.28"]
[EventType "team-swiss"]
[EventRounds "11"]
[EventCountry "TUR"]
[SourceTitle "CBM 151"]
[Source "ChessBase"]
[SourceDate "2012.11.13"]
[SourceVersion "1"]
[SourceVersionDate "2012.11.13"]
[SourceQuality "1"]
[WhiteTeam "Peru"]
[BlackTeam "Paraguay"]
[WhiteTeamCountry "PER"]
[BlackTeamCountry "PAR"]

1. d4 Nf6 2. Nf3 e6 3. e3 b6 4. Bd3 Bb7 5. 0-0 d5 6. c4 Bd6 7. Nc3 0-0 8. cxd5 exd5 9. b3 Nbd7 10. Bb2 a6 11. Rc1 Qe7 12. Ne2 Ne4 13. Bb1 f5 14. Nf4 Rac8 15. Nd3 c6 16. Qe2 c5 17. Nfe5 Nxe5 18. Nxe5 Bxe5 19. dxe5 b5 20. f3 Ng5 21. f4 Ne4 22. Bxe4 dxe4 23. Rfd1 Rfd8 24. Ba3 Rxd1+ 25. Rxd1 Rd8 26. Rxd8+ Qxd8 27. Bxc5 Qd3 28. Qb2 Qd5 29. Bd4 Kf7 30. e6+ Kxe6 31. Bxg7 Kd7 32. Bd4 Qd6 33. h3 Bd5 34. Qe2 Bf7 35. Kh2 Qc6 36. Qe1 Bd5 37. Qh4 Bg8 38. Bf6 Qd5 39. Qg5 Kc6 40. Bd4 Be6 41. Qe7 a5 42. Qxh7 a4 43. bxa4 bxa4 44. a3 Qd6 45. Qg6 Qe7 46. Kg3 Kd7 47. h4 Qxa3 48. h5 Qc1 49. Qg7+ Kc6 50. Qf6 Kb5 51. Kh2 Qc8 52. h6 Qg8 53. Qg7 Qxg7 54. Bxg7 Bg8 55. Kg3 Kc6 56. Kh4 Kd7 57. Kg5 Ke6 58. Kg6 Bf7+ 59. Kh7 Bh5 60. Kg8 Bf7+ 61. Kf8 Bg6 62. Bd4 Kd5 1-0

[Event "Olympiad-40"]
[Site "Istanbul"]
[Date "2012.09.05"]
[Round "8.3"]
[White "Latorre, Manuel"]
[Black "Klasan, Vladimir"]
[Result "1/2-1/2"]
[WhiteElo "2303"]
[BlackElo "2342"]
[PlyCount "78"]
[EventDate "2012.08.28"]
[EventType "team-swiss"]
[EventRounds "11"]
[EventCountry "TUR"]
[SourceTitle "CBM 151"]
[Source "ChessBase"]
[SourceDate "2012.11.13"]
[SourceVersion "1"]
[SourceVersionDate "2012.11.13"]
[SourceQuality "1"]
[WhiteTeam "Paraguay"]
[BlackTeam "ICSC"]
[WhiteTeamCountry "PAR"]

1. c4 Nf6 2. g3 g6 3. Bg2 Bg7 4. Nc3 0-0 5. e4 d6 6. Nge2 c5 7. 0-0 Nc6 8. d3 Bd7 9. h3 a6 10. Be3 Rb8 11. a4 Ne8 12. f4 Nd4 13. Rb1 b5 14. axb5 axb5 15. cxb5 Nxb5 16. f5 Nd4 17. g4 Nc7 18. h4 Ncb5 19. Bg5 Bc6 20. Qd2 Nxc3 21. Nxc3 Qd7 22. Bh6 gxf5 23. exf5 Bxh6 24. Qxh6 Bxg2 25. Kxg2 Kh8 26. Ne4 Rg8 27. Qf4 f6 28. Kh2 Rb3 29. g5 Qb5 30. Rbd1 Rxd3 31. Rxd3 Qxd3 32. gxf6 Qe2+ 33. Rf2 Qe1 34. fxe7 Qg1+ 35. Kh3 Qh1+ 36. Rh2 Qd1 37. Rg2 Qh1+ 38. Rh2 Qd1 39. Rg2 Qh1+ 1/2-1/2

[Event "Olympiad-40"]
[Site "Istanbul"]
[Date "2012.09.01"]
[Round "5.3"]
[White "Korneev, Oleg"]
[Black "Latorre, Manuel"]
[Result "1-0"]
[WhiteElo "2581"]
[BlackElo "2303"]
[PlyCount "96"]
[EventDate "2012.08.28"]
[EventType "team-swiss"]
[EventRounds "11"]
[EventCountry "TUR"]
[SourceTitle "CBM 151"]
[Source "ChessBase"]
[SourceDate "2012.11.13"]
[SourceVersion "1"]
[SourceVersionDate "2012.11.13"]
[SourceQuality "1"]
[WhiteTeam "Spain"]
[BlackTeam "Paraguay"]
[WhiteTeamCountry "ESP"]
[BlackTeamCountry "PAR"]

1. e4 c5 2. c3 d5 3. exd5 Qxd5 4. d4 g6 5. Nf3 Bg7 6. Na3 cxd4 7. Bc4 Qe4+ 8. Be3 Nh6 9. cxd4 0-0 10. Nb5 Na6 11. Nc3 Qc6 12. Bd5 Qb6 13. Bb3 Nf5 14. 0-0 Be6 15. Bxe6 Qxe6 16. d5 Qd7 17. Bf4 Nd6 18. Re1 Nc5 19. Be5 Rac8 20. Bxg7 Kxg7 21. Qd4+ Kg8 22. Ne5 Qd8 23. Ng4 Nf5 24. Qd2 Nd7 25. Ne4 Qb6 26. Ng3 Nxg3 27. hxg3 Nf6 28. Nxf6+ Qxf6 29. Re4 Rfd8 30. Rf4 Qg5 31. Qb4 Qxd5 32. Qxe7 Re8 33. Qa3 a6 34. Qf3 Qxf3 35. Rxf3 Rc2 36. b3 b5 37. a4 b4 38. Rd1 Rb2 39. g4 Re7 40. Rd6 Re1+ 41. Kh2 Reb1 42. Rd8+ Kg7 43. Rd7 Rxb3 44. Rfxf7+ Kg8 45. Rg7+ Kf8 46. Rdf7+ Ke8 47. Ra7 Kf8 48. Rxh7 Rh1+ 1-0

[Event "Asuncion2"]
[Site "Asuncion"]
[Date "2012.01.25"]
[Round "6"]
[White "Latorre, Manuel"]
[Black "Quinones, Cesar Luis"]
[Result "1/2-1/2"]
[WhiteElo "2299"]
[BlackElo "2278"]
[PlyCount "43"]
[EventDate "2012.01.20"]
[EventType "tourn"]
[EventRounds "9"]
[EventCountry "PAR"]
[EventCategory "1"]
[SourceTitle "CBM 146 Extra"]
[Source "ChessBase"]
[SourceDate "2012.02.29"]
[SourceVersion "1"]
[SourceVersionDate "2012.02.29"]
[SourceQuality "1"]

1. d4 d5 2. c4 c6 3. Nf3 Nf6 4. e3 Bg4 5. Qb3 Qb6 6. Nc3 e6 7. Nh4 Bh5 8. h3 Be7 9. g4 Bg6 10. Nxg6 hxg6 11. Bg2 g5 12. Bd2 Nbd7 13. 0-0-0 Qxb3 14. axb3 Bb4 15. Kc2 Rc8 16. Ra1 a6 17. f4 gxf4 18. exf4 g6 19. Rae1 Kf8 20. Bf3 Be7 21. Kb1 Nb6 22. cxd5 1/2-1/2

[Event "Asuncion2"]
[Site "Asuncion"]
[Date "2012.01.22"]
[Round "3"]
[White "Valiente, Cristobal"]
[Black "Latorre, Manuel"]
[Result "1/2-1/2"]
[WhiteElo "2261"]
[BlackElo "2299"]
[PlyCount "28"]
[EventDate "2012.01.20"]
[EventType "tourn"]
[EventRounds "9"]
[EventCountry "PAR"]
[EventCategory "1"]
[SourceTitle "CBM 146 Extra"]
[Source "ChessBase"]
[SourceDate "2012.02.29"]
[SourceVersion "1"]
[SourceVersionDate "2012.02.29"]
[SourceQuality "1"]

1. c4 g6 2. g3 Bg7 3. Bg2 Nf6 4. d4 c5 5. Nf3 0-0 6. 0-0 cxd4 7. Nxd4 Nc6 8. Nc3 Nxd4 9. Qxd4 d6 10. Qd3 Bf5 11. e4 Be6 12. Bd2 Nd7 13. b3 Nc5 14. Qe2 a5 1/2-1/2

[Event "Asuncion2"]
[Site "Asuncion"]
[Date "2012.01.21"]
[Round "2"]
[White "Latorre, Manuel"]
[Black "Peralta, Eduardo"]
[Result "1-0"]
[WhiteElo "2299"]
[BlackElo "2228"]
[PlyCount "103"]
[EventDate "2012.01.20"]
[EventType "tourn"]
[EventRounds "9"]
[EventCountry "PAR"]
[EventCategory "1"]
[SourceTitle "CBM 146 Extra"]
[Source "ChessBase"]
[SourceDate "2012.02.29"]
[SourceVersion "1"]
[SourceVersionDate "2012.02.29"]
[SourceQuality "1"]

1. d4 Nf6 2. c4 g6 3. Nc3 Bg7 4. e4 d6 5. Nf3 0-0 6. Be2 e5 7. d5 Na6 8. 0-0 Nc5 9. Nd2 a5 10. Rb1 Bd7 11. b3 Nh5 12. Bxh5 gxh5 13. Qxh5 f5 14. Qe2 Qh4 15. g3 Qh3 16. exf5 e4 17. Ncxe4 Rae8 18. Bb2 Bxf5 19. f3 Bxb2 20. Rxb2 Qh5 21. Qe3 Bxe4 22. Nxe4 Nxe4 23. fxe4 Rxf1+ 24. Kxf1 Qe5 25. Re2 Qh5 26. Kg2 Qg6 27. h3 b6 28. Qf4 h5 29. h4 Rf8 30. Qg5 Qxg5 31. hxg5 Re8 32. Kf3 Kg7 33. g4 hxg4+ 34. Kxg4 Kg6 35. Re3 Re7 36. a3 Re8 37. b4 axb4 38. axb4 Re7 39. Re2 Re8 40. Kf4 Rh8 41. Rc2 Rh4+ 42. Ke3 Kxg5 43. Rf2 Kg6 44. Rf8 Rh3+ 45. Kd4 Rb3 46. Rc8 Rxb4 47. Rxc7 Kf6 48. Rd7 b5 49. Rxd6+ Ke7 50. Rc6 Ra4 51. e5 bxc4 52. Rxc4 1-0

[Event "Asuncion"]
[Site "Asuncion"]
[Date "2012.01.16"]
[Round "7"]
[White "Vazquez, Guillermo"]
[Black "Latorre, Manuel"]
[Result "1/2-1/2"]
[WhiteElo "2273"]
[BlackElo "2299"]
[PlyCount "104"]
[EventDate "2012.01.09"]
[EventType "tourn"]
[EventRounds "9"]
[EventCountry "PAR"]
[EventCategory "5"]
[SourceTitle "CBM 146 Extra"]
[Source "ChessBase"]
[SourceDate "2012.02.29"]
[SourceVersion "1"]
[SourceVersionDate "2012.02.29"]
[SourceQuality "1"]

1. e4 c5 2. Nf3 d6 3. Bb5+ Bd7 4. Bxd7+ Qxd7 5. 0-0 Nc6 6. c3 Nf6 7. Qe2 e6 8. d4 cxd4 9. cxd4 d5 10. e5 Ne4 11. Be3 Be7 12. Ne1 f6 13. f3 Ng5 14. Qd2 Nf7 15. f4 Bb4 16. Qe2 Bxe1 17. Rxe1 f5 18. Nd2 Rc8 19. Rac1 0-0 20. Nb3 b6 21. Rc3 Nb8 22. Rec1 Rxc3 23. Rxc3 Rc8 24. Qc2 Rc6 25. a4 Qc7 26. Rxc6 Qxc6 27. Qxc6 Nxc6 28. Bd2 Nfd8 29. Kf2 Nb7 30. h3 Kf7 31. Bc3 Ke8 32. Ke3 Kd7 33. Kd3 Kc7 34. Nd2 a6 35. b4 Kd7 36. Ke3 Ke7 37. Nb3 Kf7 38. Kf3 Kg6 39. Ke3 Kh5 40. Kf3 Kg6 41. Ke3 Ne7 42. Nc1 Kf7 43. Nb3 Ke8 44. Kd3 Kd7 45. Be1 Ng6 46. Ke3 Kc6 47. Bc3 Nh4 48. Kf2 Nd8 49. Kg3 Ng6 50. Kf3 Nh4+ 51. Kg3 Ng6 52. Kf3 Nh4+ 1/2-1/2

[Event "Asuncion"]
[Site "Asuncion"]
[Date "2012.01.10"]
[Round "2"]
[White "Latorre, Manuel"]
[Black "Delgado Ramirez, Neuris"]
[Result "0-1"]
[WhiteElo "2299"]
[BlackElo "2575"]
[PlyCount "92"]
[EventDate "2012.01.09"]
[EventType "tourn"]
[EventRounds "9"]
[EventCountry "PAR"]
[EventCategory "5"]
[SourceTitle "CBM 146 Extra"]
[Source "ChessBase"]
[SourceDate "2012.02.29"]
[SourceVersion "1"]
[SourceVersionDate "2012.02.29"]
[SourceQuality "1"]

1. d4 Nf6 2. c4 c5 3. d5 e6 4. Nc3 exd5 5. cxd5 Bd6 6. Bg5 0-0 7. Nf3 Re8 8. e3 Bf8 9. Bd3 d6 10. h3 Nbd7 11. 0-0 a6 12. a4 g6 13. Nd2 h6 14. Bh4 Rb8 15. a5 Ne5 16. Be2 g5 17. Bg3 Nfd7 18. Qc2 b5 19. axb6 Qxb6 20. Ra2 Bg7 21. f4 gxf4 22. exf4 Nd3 23. Bxd3 c4+ 24. Bf2 cxd3 25. Qxd3 Nc5 26. Qf3 Bf5 27. Nc4 Qc7 28. Ne3 Bd3 29. Rd1 f5 30. Kh2 Kh7 31. Qh5 Qd7 32. Qf3 Rb4 33. g3 Rb3 34. Rc1 Qb7 35. Ned1 Be2 36. Qg2 Nd3 37. Rca1 Nxb2 38. Nxe2 Rxe2 39. Qf1 Rd2 40. Rb1 Qxd5 41. Qe1 Rxd1 42. Rxd1 Nxd1 43. Rd2 Rd3 44. Rxd3 Qxd3 45. Bg1 Qc2+ 46. Kh1 Qe4+ 0-1

[Event "Asuncion zt 2.5"]
[Site "Asuncion"]
[Date "2011.05.24"]
[Round "9"]
[White "Peralta, Eduardo"]
[Black "Latorre, Manuel"]
[Result "1-0"]
[WhiteElo "2237"]
[BlackElo "2312"]
[PlyCount "75"]
[EventDate "2011.05.16"]
[EventType "swiss"]
[EventRounds "9"]
[EventCountry "PAR"]
[SourceTitle "CBM 142 Extra"]
[Source "ChessBase"]
[SourceDate "2011.06.27"]
[SourceVersion "1"]
[SourceVersionDate "2011.06.27"]
[SourceQuality "1"]

1. d4 Nf6 2. Nf3 g6 3. Bf4 Bg7 4. e3 0-0 5. h3 d6 6. Be2 Nbd7 7. 0-0 Qe8 8. c4 e5 9. Bh2 Ne4 10. Nc3 Nxc3 11. bxc3 b6 12. a4 a5 13. Rb1 Ba6 14. Nd2 Qe7 15. Bf3 Rad8 16. Re1 Kh8 17. Be2 f5 18. c5 Bxe2 19. cxd6 cxd6 20. Qxe2 Rc8 21. Nc4 Rc6 22. d5 Rc5 23. Nxb6 Nxb6 24. Rxb6 Qc7 25. Qa6 Rxd5 26. Reb1 Rc8 27. Kh1 h5 28. Rb7 Qxc3 29. Rxg7 Kxg7 30. Qb7+ Kh6 31. Qxd5 Qc2 32. Qd1 Qxf2 33. Qxd6 Rc2 34. Rg1 Qxe3 35. Bxe5 Qe4 36. Qf8+ Kg5 37. Qf6+ Kh6 38. h4 1-0